The International directory of importers 2010 : Europe (Volume I).

Bibliographic Details
Format: Book
Published: Poulsbo,WA: Interdata, 2010.
Edition:21st rev. ed.
Subjects:
LEADER 01209cam a2200421 7i4500
001 0000024500
005 20100517090000.0
020 0 0 |a 978-1-58239-003-1  
090 0 0 |a EURO 382.5025   |b INT 
245 0 4 |a The International directory of importers 2010 :   |b Europe (Volume I). 
250 0 0 |a 21st rev. ed. 
260 0 0 |a Poulsbo,WA:   |b Interdata,   |c 2010. 
300 # # |a 1v. [468 p]. 
500 0 0 |a Library has 3 volumes 
650 0 0 |a Imports --   |x Directories --   |z Europe  
651 0 0 |a Iceland  
651 0 0 |a Germany  
651 0 0 |a Finland  
651 0 0 |a Bulgaria  
651 0 0 |a Hungary  
651 0 0 |a Europe  
651 0 0 |a Gibraltar  
651 0 0 |a Belarus  
651 0 0 |a Croatia  
651 0 0 |a Denmark  
651 0 0 |a Italy  
651 0 0 |a Czech Republic  
651 0 0 |a Estonia  
651 0 0 |a Cyprus  
651 0 0 |a Austria  
651 0 0 |a Ireland  
651 0 0 |a Belgium  
651 0 0 |a France  
651 0 0 |a Greece  
999 |a JHR000205B  |b Directories  |c Regions  |e MATRADE Southern Regional Office 
999 |a PNG000913B  |b Directories  |c Regions  |e MATRADE Northern Regional Office 
999 |a SBH000882B  |b Directories  |c Regions  |e MATRADE Sabah 
999 |a SRW000310B  |b Directories  |c Regions  |e MATRADE Sarawak